000146448 001__ 146448 000146448 005__ 20241122150938.0 000146448 037__ $$aTAZ-TFG-2024-3583 000146448 041__ $$aspa 000146448 1001_ $$aRodríguez Padilla, Leire 000146448 24200 $$aThe European Social Charter: origin and Spanish present. 000146448 24500 $$aLa Carta Social Europea: origen y actualidad española. 000146448 260__ $$aZaragoza$$bUniversidad de Zaragoza$$c2024 000146448 506__ $$aby-nc-sa$$bCreative Commons$$c3.0$$uhttp://creativecommons.org/licenses/by-nc-sa/3.0/ 000146448 520__ $$aEl trabajo desarrolla el origen de la Carta Social Europea, tanto en la versión original como en la revisada, y la relación de la misma con el Estado español. Se hace referencia al procedimiento de control de sistema de informes, habilitado para garantizar el cumplimiento de la Carta en los Estados parte, así mismo se analizan las últimas últimas conclusiones del Comité Europeo de Derechos Sociales respecto a España y, en segundo lugar, al procedimiento de reclamaciones colectivas previsto en el Protocolo Adicional de 1995 y los casos pendientes frente a España. <br /> 000146448 521__ $$aGraduado en Derecho 000146448 540__ $$aDerechos regulados por licencia Creative Commons 000146448 691__ $$a0 000146448 692__ $$a 000146448 700__ $$aGascón Marcén, Ana$$edir. 000146448 7102_ $$aUniversidad de Zaragoza$$bDerecho Público$$cDer. Internacional Público y RR. Internacionales 000146448 8560_ $$f796089@unizar.es 000146448 8564_ $$s568538$$uhttps://zaguan.unizar.es/record/146448/files/TAZ-TFG-2024-3583.pdf$$yMemoria (spa) 000146448 909CO $$ooai:zaguan.unizar.es:146448$$pdriver$$ptrabajos-fin-grado 000146448 950__ $$a 000146448 951__ $$adeposita:2024-11-22 000146448 980__ $$aTAZ$$bTFG$$cDER 000146448 999__ $$a20240711204649.CREATION_DATE